[Event "Bayern-chI Bank Hofmann 26th"]
[Site "Tegernsee"]
[Date "2023.11.04"]
[Round "8"]
[White "Schoetzig, Detlef"]
[Black "Baerwinkel, Tobias"]
[Result "0-1"]
[WhiteElo "2078"]
[BlackElo "2315"]
[PlyCount "162"]
[EventDate "2023.10.28"]
[EventType "swiss"]
[EventRounds "9"]
[EventCountry "GER"]
[SourceTitle "Mega2024 Update 01"]
[Source "Chessbase"]
[SourceDate "2023.11.12"]
[SourceVersion "1"]
[SourceVersionDate "2023.11.12"]
[SourceQuality "1"]

1. d4 Nf6 2. Nf3 d5 3. g3 c5 4. Bg2 cxd4 5. 0-0 h6 6. Nxd4 e5 7. Nb3 Nc6 8. c4 Be6 9. cxd5 Bxd5 10. Nc3 Bxg2 11. Kxg2 Bb4 12. Be3 Bxc3 13. bxc3 0-0 14. Qc2 Qd5+ 15. f3 Rfc8 16. Rfd1 Qc4 17. Qd3 Ne7 18. Rac1 b6 19. Bf2 e4 20. Qxc4 exf3+ 21. Kxf3 Rxc4 22. Rd4 Rac8 23. Rxc4 Rxc4 24. Bd4 Nfd5 25. e4 Nc7 26. Ke3 Nc6 27. Kd3 Ra4 28. Rc2 Ne6 29. Re2 Kh7 30. Ke3 Kg6 31. Rd2 f6 32. Kf3 h5 33. Ke3 Kf7 34. Rf2 Ke7 35. Kd3 Ng5 36. Re2 Nf7 37. Ke3 Nd6 38. Kd3 Ke6 39. Nc1 Ne5+ 40. Ke3 Ndc4+ 41. Kf2 g5 42. h3 g4 43. Kg2 Nd6 44. hxg4 hxg4 45. Kf2 Nb5 46. Nb3 Rc4 47. Re3 Rc8 48. a4 Nd6 49. Re2 Ndc4 50. Kg2 a5 51. Bg1 Nd3 52. Nd4+ Kd7 53. Nb5 Rc6 54. Nd4 Rd6 55. Nb5 Re6 56. Nd4 Re8 57. Nf5 Kc6 58. Nh6 Nce5 59. Bd4 b5 60. axb5+ Kxb5 61. Nf5 Ra8 62. Ne3 Ra6 63. Nd5 Kc4 64. Nc7 Rc6 65. Nd5 Kb3 66. Nf4 a4 67. Nxd3 Nxd3 68. Re3 Kc4 69. Re2 a3 70. Rd2 Ra6 71. Ra2 Nc1 72. Rc2 Nb3 73. Ra2 Nxd4 74. cxd4 Kxd4 75. Kf2 Kd3 76. Kg2 Kxe4 77. Kf2 Kd3 78. Kg2 Kc3 79. Kf2 Kb3 80. Ra1 a2 81. Ke3 Kb2 0-1

[Event "Rheinland Pfalz op 13th"]
[Site "Engers"]
[Date "2023.06.11"]
[Round "7"]
[White "Baerwinkel, Tobias"]
[Black "Foerster, Erik"]
[Result "1/2-1/2"]
[WhiteElo "2324"]
[BlackElo "2165"]
[PlyCount "105"]
[EventDate "2023.06.08"]
[EventType "swiss"]
[EventRounds "7"]
[EventCountry "GER"]
[SourceTitle "CBM 214 Extra"]
[Source "ChessBase"]
[SourceDate "2023.07.31"]
[SourceVersion "1"]
[SourceVersionDate "2023.07.31"]
[SourceQuality "1"]

1. d4 Nf6 2. c4 e6 3. Nc3 d5 4. cxd5 exd5 5. Bg5 Be7 6. e3 c6 7. Qc2 0-0 8. Bd3 h6 9. h4 Re8 10. Nf3 Nbd7 11. Bf4 c5 12. g4 cxd4 13. Nxd4 Nc5 14. g5 Nxd3+ 15. Qxd3 Ne4 16. f3 Nxc3 17. bxc3 h5 18. g6 Be6 19. Kd2 Bf6 20. Bg5 Rc8 21. Rhg1 Kf8 22. Bxf6 Qxf6 23. gxf7 Bxf7 24. Rg5 Re5 25. Rag1 Rxg5 26. Rxg5 g6 27. Qb5 Qd6 28. f4 Qc7 29. Qb4+ Qe7 30. a3 Rc4 31. Qxe7+ Kxe7 32. Kc2 Ra4 33. Kb2 Ra6 34. Rg1 Rb6+ 35. Kc2 Be8 36. Rb1 Ba4+ 37. Kc1 Rxb1+ 38. Kxb1 Kd6 39. Nf3 Bd7 40. Kc2 Kc5 41. Ne5 Bf5+ 42. Kb3 b5 43. Kb2 Be4 44. Kc1 Bf5 45. Kd1 Be4 46. Ke2 a5 47. Kd2 Bf5 48. Ke2 Be4 49. Kf2 Bf5 50. Kg3 a4 51. Kf2 Bc2 52. Ke2 Be4 53. Kd2 1/2-1/2

[Event "Rheinland Pfalz op 13th"]
[Site "Engers"]
[Date "2023.06.08"]
[Round "1"]
[White "Sheng, Ming"]
[Black "Baerwinkel, Tobias"]
[Result "0-1"]
[WhiteElo "1675"]
[BlackElo "2324"]
[PlyCount "82"]
[EventDate "2023.06.08"]
[EventType "swiss"]
[EventRounds "7"]
[EventCountry "GER"]
[SourceTitle "CBM 214 Extra"]
[Source "ChessBase"]
[SourceDate "2023.07.31"]
[SourceVersion "1"]
[SourceVersionDate "2023.07.31"]
[SourceQuality "1"]

1. e4 c5 2. Nf3 d6 3. Bb5+ Nd7 4. d4 cxd4 5. Qxd4 a6 6. Bxd7+ Bxd7 7. c4 Nf6 8. Bg5 e6 9. Nc3 Be7 10. 0-0 Bc6 11. Rfd1 0-0 12. Rac1 Rc8 13. a4 Qa5 14. b3 Rfd8 15. Qe3 h6 16. Bf4 Nh5 17. Ne2 Nxf4 18. Nxf4 Be8 19. e5 dxe5 20. Nxe5 Bc5 21. Qe2 Qb6 22. Rxd8 Rxd8 23. Ned3 Ba3 24. Rb1 Qd4 25. Qe5 g5 26. Nh5 Qxe5 27. Nxe5 Rd2 28. Nf6+ Kf8 29. Neg4 Bc6 30. h3 Bb2 31. Nh5 Bd4 32. Ng3 f5 33. Nf1 Ra2 34. Nge3 a5 35. Rd1 Bb6 36. Rd3 Ke7 37. Rd2 Ra3 38. Re2 Kf6 39. Nd2 Ra1+ 40. Kh2 Bc7+ 41. g3 Rh1# 0-1

[Event "BL2-Sued 2122"]
[Site "Germany"]
[Date "2022.04.30"]
[Round "3.3"]
[White "Baerwinkel, Tobias"]
[Black "Bellahcene, Bilel"]
[Result "0-1"]
[WhiteElo "2333"]
[BlackElo "2515"]
[PlyCount "54"]
[EventDate "2022.03.05"]
[EventType "team-tourn"]
[EventRounds "10"]
[EventCountry "GER"]
[SourceTitle "EXT 2023"]
[Source "ChessBase"]
[SourceDate "2022.10.05"]
[SourceVersion "1"]
[SourceVersionDate "2022.10.05"]
[SourceQuality "1"]
[WhiteTeam "Worms"]
[BlackTeam "Baden-Baden II"]
[WhiteTeamCountry "GER"]
[BlackTeamCountry "GER"]

1. d4 Nf6 2. c4 e6 3. g3 Bb4+ 4. Nd2 d5 5. Bg2 0-0 6. Ngf3 dxc4 7. Qc2 a5 8. a3 Bxd2+ 9. Bxd2 b5 10. a4 c6 11. e4 h6 12. g4 Nbd7 13. g5 hxg5 14. e5 Nh7 15. h4 f5 16. hxg5 Re8 17. g6 Nhf8 18. Ng5 Nxg6 19. Qd1 Ndf8 20. Qh5 Qxd4 21. Ra3 Rd8 22. Bc3 Qd3 23. axb5 Qb1+ 24. Ke2 Qc2+ 25. Ke1 Qc1+ 26. Ke2 Nf4+ 27. Kf3 Rd3# 0-1

[Event "Oberliga Sued W 1819"]
[Site "Germany"]
[Date "2019.03.24"]
[Round "8.2"]
[White "Heider, Martin"]
[Black "Baerwinkel, Tobias"]
[Result "0-1"]
[WhiteElo "2414"]
[BlackElo "2341"]
[PlyCount "138"]
[EventDate "2018.10.21"]
[EventType "team-tourn"]
[EventRounds "9"]
[EventCountry "GER"]
[SourceTitle "EXT 2020"]
[Source "ChessBase"]
[SourceDate "2019.10.17"]
[SourceVersion "1"]
[SourceVersionDate "2019.10.17"]
[SourceQuality "1"]
[WhiteTeam "Worms"]
[BlackTeam "Landau"]
[WhiteTeamCountry "GER"]
[BlackTeamCountry "GER"]

1. e4 c5 2. Nf3 Nc6 3. c3 d5 4. exd5 Qxd5 5. d4 e6 6. Be3 cxd4 7. cxd4 Nf6 8. Nc3 Qd6 9. Bd3 Be7 10. 0-0 0-0 11. Rc1 Rd8 12. Bb1 Bd7 13. a3 Rac8 14. Qd3 Be8 15. Rfd1 g6 16. h3 Nd5 17. Ne4 Qb8 18. Bh6 Bf8 19. Qd2 Bg7 20. g3 Nce7 21. Rxc8 Rxc8 22. Bxg7 Kxg7 23. Ne5 Nf5 24. g4 Nd6 25. Ng3 h6 26. g5 h5 27. Qd3 Nf5 28. Nxf5+ exf5 29. Qf3 Bc6 30. Ba2 Qd6 31. Nxc6 bxc6 32. Re1 Nf4 33. Qc3 Kg8 34. h4 Rd8 35. Qc4 Nd5 36. Re5 Kg7 37. Qc5 Qd7 38. Bxd5 cxd5 39. Re7 Qa4 40. Qxa7 Qd1+ 41. Kh2 Rf8 42. Qc7 Kg8 43. Qf4 Qb3 44. Re2 Qd3 45. Qe3 Qd1 46. Qd2 Qb3 47. Qe3 Qd1 48. b4 Rc8 49. Qd2 Qa1 50. Qb2 Qf1 51. Rc2 Re8 52. Rc1 Qd3 53. Qc3 Qe4 54. Qg3 Qxd4 55. Rc3 Re4 56. Rd3 Rxh4+ 57. Kg2 Qe4+ 58. Qf3 Qe7 59. Rxd5 Qxg5+ 60. Kf1 Qc1+ 61. Rd1 Qc4+ 62. Kg1 Rg4+ 63. Kh1 Rf4 64. Qd5 Qe2 65. Rg1 Kg7 66. Qc6 Rh4+ 67. Kg2 Qg4+ 68. Kf1 Qd1+ 69. Kg2 Rg4+ 0-1

[Event "Oberliga Sued W 1819"]
[Site "Germany"]
[Date "2018.10.21"]
[Round "1.1"]
[White "Frischmann, Rick"]
[Black "Baerwinkel, Tobias"]
[Result "0-1"]
[WhiteElo "2342"]
[BlackElo "2341"]
[PlyCount "80"]
[EventDate "2018.10.21"]
[EventType "team-tourn"]
[EventRounds "9"]
[EventCountry "GER"]
[SourceTitle "EXT 2020"]
[Source "ChessBase"]
[SourceDate "2019.10.17"]
[SourceVersion "1"]
[SourceVersionDate "2019.10.17"]
[SourceQuality "1"]
[WhiteTeam "Schwarzenbach Caissa"]
[BlackTeam "Landau"]
[WhiteTeamCountry "GER"]
[BlackTeamCountry "GER"]

1. e4 c5 2. Nf3 d6 3. Bb5+ Nd7 4. 0-0 a6 5. Bd3 Ngf6 6. Re1 e6 7. c3 b5 8. a4 Bb7 9. axb5 axb5 10. Rxa8 Bxa8 11. Bxb5 Bxe4 12. d3 Bb7 13. d4 Bxf3 14. Qxf3 cxd4 15. cxd4 Be7 16. Nc3 d5 17. Bf4 0-0 18. Be5 Qb6 19. Re2 Nxe5 20. dxe5 Ne4 21. Bd3 Nxc3 22. bxc3 Rc8 23. g3 g6 24. c4 dxc4 25. Rc2 c3 26. h4 Qd4 27. Qe4 Bc5 28. Kg2 Rd8 29. Qxd4 Bxd4 30. Re2 Bxf2 31. Bxg6 Bxg3 32. Bxf7+ Kxf7 33. Kxg3 Rc8 34. Rc2 Kg6 35. Kf4 Rc4+ 36. Ke3 Kf5 37. Kd3 Rc7 38. Kd4 h5 39. Rf2+ Kg4 40. Rc2 Kxh4 0-1

[Event "Pfalz-ch MT-A 87th"]
[Site "Landau"]
[Date "2018.03.25"]
[Round "3"]
[White "Baerwinkel, Tobias"]
[Black "Nazarenus, Olaf"]
[Result "1-0"]
[WhiteElo "2350"]
[BlackElo "2090"]
[PlyCount "33"]
[EventDate "2018.03.23"]
[EventType "tourn"]
[EventRounds "9"]
[EventCountry "GER"]
[SourceTitle "EXT 2019"]
[Source "ChessBase"]
[SourceDate "2018.10.10"]
[SourceVersion "1"]
[SourceVersionDate "2018.10.10"]
[SourceQuality "1"]

1. Nf3 d5 2. c4 d4 3. b4 Bg4 4. Qb3 f6 5. g3 e5 6. Bg2 Qc8 7. h3 Be6 8. d3 Nd7 9. e3 c5 10. 0-0 Ne7 11. exd4 cxd4 12. Re1 Nc6 13. Ba3 b5 14. Qd1 Rb8 15. Nbd2 a5 16. cxb5 Rxb5 17. Rc1 1-0

[Event "Pfalz-ch MT-A 87th"]
[Site "Landau"]
[Date "2018.03.25"]
[Round "4"]
[White "Busch, Lorenz"]
[Black "Baerwinkel, Tobias"]
[Result "0-1"]
[WhiteElo "2112"]
[BlackElo "2350"]
[PlyCount "118"]
[EventDate "2018.03.23"]
[EventType "tourn"]
[EventRounds "9"]
[EventCountry "GER"]
[SourceTitle "EXT 2019"]
[Source "ChessBase"]
[SourceDate "2018.10.10"]
[SourceVersion "1"]
[SourceVersionDate "2018.10.10"]
[SourceQuality "1"]

1. d4 Nf6 2. Nf3 d5 3. Bg5 Ne4 4. Bh4 h5 5. Nfd2 Nd6 6. e3 Nf5 7. Bg3 g5 8. h3 Nxg3 9. fxg3 Qd6 10. Qf3 Nc6 11. Nc3 g4 12. Qf4 Qxf4 13. gxf4 Nb4 14. 0-0-0 c6 15. a3 Na6 16. hxg4 Bxg4 17. Be2 Rg8 18. Bxg4 hxg4 19. Rh7 Rd8 20. Ne2 Nc7 21. Rdh1 Rd6 22. Ng3 Rdg6 23. Ndf1 Nb5 24. Nf5 e6 25. a4 Nc7 26. N5g3 c5 27. Kd2 Bd6 28. R7h5 cxd4 29. f5 dxe3+ 30. Nxe3 Rf6 31. Rh8 Rxh8 32. Rxh8+ Ke7 33. Nh5 d4 34. Nxf6 dxe3+ 35. Kxe3 Kxf6 36. fxe6 Kxe6 37. b3 a5 38. Rh5 b6 39. Ke4 Ne8 40. Kd3 Bc5 41. c3 f5 42. Rh1 Nf6 43. Kc4 Ne4 44. b4 Nd6+ 45. Kb3 Be3 46. c4 axb4 47. Kxb4 Ke5 48. Rd1 Bc5+ 49. Kb3 Ne4 50. Kc2 f4 51. Rd5+ Ke6 52. Kd3 Nf6 53. Rg5 f3 54. gxf3 gxf3 55. a5 f2 56. Ke2 Ne4 57. Rxc5 bxc5 58. a6 Nc3+ 59. Kxf2 Na4 0-1

[Event "Oberliga Sued W 1718"]
[Site "Germany"]
[Date "2018.02.04"]
[Round "8.3"]
[White "Baerwinkel, Tobias"]
[Black "Erhardt, Michael"]
[Result "1/2-1/2"]
[WhiteElo "2360"]
[BlackElo "2093"]
[PlyCount "147"]
[EventDate "2017.09.10"]
[EventType "team-tourn"]
[EventRounds "11"]
[EventCountry "GER"]
[SourceTitle "EXT 2019"]
[Source "ChessBase"]
[SourceDate "2018.10.10"]
[SourceVersion "1"]
[SourceVersionDate "2018.10.10"]
[SourceQuality "1"]
[WhiteTeam "Landau"]
[BlackTeam "Saarbruecken Gambit"]
[WhiteTeamCountry "GER"]
[BlackTeamCountry "GER"]

1. Nf3 Nf6 2. c4 e6 3. g3 d5 4. b3 Be7 5. Bg2 0-0 6. 0-0 c5 7. e3 Nc6 8. Bb2 b6 9. Nc3 Bb7 10. cxd5 exd5 11. d4 Ba6 12. Re1 c4 13. Ne5 Na5 14. Ng4 Nxg4 15. Qxg4 Bb7 16. Qh5 g6 17. Qd1 Rc8 18. Rc1 Bb4 19. e4 dxe4 20. Bxe4 Bxe4 21. Rxe4 cxb3 22. axb3 Bxc3 23. Bxc3 Qd5 24. Re5 Qxb3 25. Bxa5 Qxd1+ 26. Rxd1 bxa5 27. Rxa5 Rc7 28. Kg2 Rd8 29. Kf3 Rd6 30. Rd2 Re7 31. g4 h6 32. h4 Kg7 33. Rd3 Rf6+ 34. Kg3 Rd6 35. h5 gxh5 36. Rxh5 Re4 37. Ra5 Rexd4 38. Rxd4 Rxd4 39. Rxa7 Rb4 40. Ra5 Rc4 41. f4 Rc1 42. Kf3 Rf1+ 43. Ke4 Re1+ 44. Kf3 Rf1+ 45. Kg3 Rg1+ 46. Kh3 Rh1+ 47. Kg2 Rb1 48. Ra6 Rc1 49. Ra3 Rb1 50. Kg3 Rg1+ 51. Kh4 Rh1+ 52. Rh3 Ra1 53. Kh5 Rf1 54. f5 Rf2 55. Kh4 Rf1 56. Kg3 Ra1 57. Rh2 Ra3+ 58. Kh4 Rf3 59. Rb2 Rf1 60. Rb4 Rf3 61. Rc4 Kf6 62. Rc6+ Kg7 63. Rb6 Ra3 64. g5 hxg5+ 65. Kxg5 Rg3+ 66. Kh5 Rh3+ 67. Kg5 Rg3+ 68. Kf4 Rg1 69. Rb3 Kf6 70. Rb6+ Kg7 71. Rb3 Kf6 72. Rb6+ Kg7 73. Rb3 Kf6 74. Rb6+ 1/2-1/2

[Event "Oberliga Sued W 1617"]
[Site "Germany"]
[Date "2016.10.16"]
[Round "2.2"]
[White "Weimann, Maximilian"]
[Black "Baerwinkel, Tobias"]
[Result "1/2-1/2"]
[WhiteElo "2230"]
[BlackElo "2381"]
[PlyCount "31"]
[EventDate "2016.09.25"]
[EventType "team-tourn"]
[EventRounds "9"]
[EventCountry "GER"]
[SourceTitle "EXT 2018"]
[Source "ChessBase"]
[SourceDate "2017.10.13"]
[SourceVersion "1"]
[SourceVersionDate "2017.10.13"]
[SourceQuality "1"]
[WhiteTeam "Altenkirchen"]
[BlackTeam "Landau"]
[WhiteTeamCountry "GER"]
[BlackTeamCountry "GER"]

1. e4 c5 2. Nf3 d6 3. d4 cxd4 4. Nxd4 Nf6 5. Nc3 a6 6. g3 e5 7. Nb3 Be7 8. Bg2 0-0 9. 0-0 Be6 10. Re1 Nbd7 11. a4 Qc7 12. Nd2 Qc5 13. Nb3 Qc7 14. Nd2 Qc5 15. Nb3 Qc7 16. Nd2 1/2-1/2

[Event "BL2-Sued 1516"]
[Site "Germany"]
[Date "2015.09.20"]
[Round "1.5"]
[White "Plenca, Julian"]
[Black "Baerwinkel, Tobias"]
[Result "0-1"]
[WhiteElo "2389"]
[BlackElo "2360"]
[PlyCount "84"]
[EventDate "2015.09.20"]
[EventType "team-tourn"]
[EventRounds "9"]
[EventCountry "GER"]
[SourceTitle "EXT 2017"]
[Source "ChessBase"]
[SourceDate "2016.10.25"]
[SourceVersion "1"]
[SourceVersionDate "2016.10.25"]
[SourceQuality "1"]
[WhiteTeam "Schoenaich"]
[BlackTeam "Landau"]
[WhiteTeamCountry "GER"]
[BlackTeamCountry "GER"]

1. e4 c5 2. Nf3 d6 3. d4 cxd4 4. Nxd4 Nf6 5. Nc3 a6 6. g3 e5 7. Nde2 Be7 8. Bg2 Nbd7 9. 0-0 b5 10. h3 h5 11. Be3 0-0 12. a4 b4 13. Nd5 Nxd5 14. Qxd5 Rb8 15. Qd2 Nc5 16. Nc1 Bb7 17. Bxc5 dxc5 18. Qe2 h4 19. Nb3 hxg3 20. fxg3 c4 21. Qxc4 Qb6+ 22. Kh2 Rbc8 23. Qe2 a5 24. Qf2 Qg6 25. Rae1 Bd8 26. Nc1 Bb6 27. Qe2 Ba6 28. Nd3 Bd4 29. Rf5 Bxb2 30. h4 Bd4 31. Rg5 Qh6 32. Qd1 Bxd3 33. cxd3 g6 34. Qg4 b3 35. Rf1 b2 36. h5 Rc6 37. Bh3 Rc2+ 38. Bg2 Rf2 39. Rf5 Rxf1 40. Rxf1 Qxh5+ 41. Qxh5 gxh5 42. Bh3 Rd8 0-1

[Event "Oberliga Sued W 1415"]
[Site "Germany"]
[Date "2015.01.18"]
[Round "5.3"]
[White "Winterberg, Lukas"]
[Black "Baerwinkel, Tobias"]
[Result "1/2-1/2"]
[WhiteElo "2282"]
[BlackElo "2344"]
[PlyCount "155"]
[EventDate "2014.09.21"]
[EventType "team-tourn"]
[EventRounds "9"]
[EventCountry "GER"]
[SourceTitle "EXT 2019"]
[Source "ChessBase"]
[SourceDate "2018.10.10"]
[SourceVersion "1"]
[SourceVersionDate "2018.10.10"]
[SourceQuality "1"]
[WhiteTeam "Heimbach Weis/Neuwied"]
[BlackTeam "Landau"]
[WhiteTeamCountry "GER"]
[BlackTeamCountry "GER"]

1. e4 c5 2. c3 Nf6 3. e5 Nd5 4. d4 cxd4 5. Nf3 Nc6 6. cxd4 d6 7. Bc4 Nb6 8. Bb3 dxe5 9. d5 Na5 10. Nc3 Nxb3 11. Qxb3 e6 12. Nxe5 exd5 13. 0-0 Bd6 14. Qb5+ Kf8 15. Re1 Be6 16. Bf4 Kg8 17. Rad1 Qf6 18. Bg3 h5 19. h4 Rd8 20. Rd3 Kh7 21. Rf3 Bf5 22. Bf4 Rhe8 23. Bg5 Rxe5 24. Re2 Qe6 25. Bxd8 Bg4 26. Qd3+ Kg8 27. Rxe5 Qxe5 28. Rg3 Qe1+ 29. Qf1 Qxf1+ 30. Kxf1 Bxg3 31. fxg3 Nc4 32. b3 Ne3+ 33. Kf2 d4 34. Nb5 Nd1+ 35. Ke1 Nc3 36. Nxa7 Nxa2 37. Nb5 d3 38. Kd2 Nb4 39. Ba5 Nc6 40. Bc3 Be6 41. b4 Bd5 42. Kxd3 Bxg2 43. Nd6 Ne7 44. Kd4 Nd5 45. Bd2 Nf6 46. Bf4 Nd7 47. Nc4 f6 48. Nd6 Kf8 49. Kc3 Ke7 50. Nf5+ Kf7 51. Kc4 Bh1 52. Nd4 Bg2 53. Nf5 g6 54. Nd4 Ne5+ 55. Kc3 Ke7 56. Nc2 Ke6 57. Ne3 Bf3 58. Kd4 Nf7 59. Kc5 g5 60. hxg5 fxg5 61. Bc7 Kd7 62. Bb8 Kc8 63. Ba7 Ne5 64. Kd6 Nd3 65. b5 Nf2 66. Ke7 Kc7 67. Nd5+ Bxd5 68. Bxf2 b6 69. Kf6 g4 70. Kg5 Bf7 71. Bg1 Be8 72. Bf2 Bxb5 73. Kxh5 Bd7 74. Kg5 Kc6 75. Kf4 Kb5 76. Ke4 Ka5 77. Kd3 b5 78. Kc3 1/2-1/2

[Event "Capablanca Memorial op 49th"]
[Site "Havana"]
[Date "2014.05.12"]
[Round "5"]
[White "Oliva Castaneda, Kevel"]
[Black "Baerwinkel, Tobias"]
[Result "1-0"]
[WhiteElo "2428"]
[BlackElo "2322"]
[PlyCount "69"]
[EventDate "2014.04.08"]
[EventType "swiss"]
[EventRounds "10"]
[EventCountry "CUB"]
[SourceTitle "CBM 160 Extra"]
[Source "ChessBase"]
[SourceDate "2014.07.01"]
[SourceVersion "1"]
[SourceVersionDate "2014.07.01"]
[SourceQuality "1"]

1. Nf3 Nf6 2. c4 c5 3. g3 b6 4. Bg2 Bb7 5. 0-0 e6 6. Nc3 a6 7. Re1 Be7 8. e4 d6 9. d4 cxd4 10. Nxd4 Qc7 11. Be3 0-0 12. Rc1 Re8 13. f4 Bf8 14. f5 exf5 15. Nd5 Qd8 16. exf5 Ra7 17. Ne6 fxe6 18. Bxb6 exd5 19. Bxd8 Rxd8 20. cxd5 Bc8 21. g4 Nbd7 22. g5 Ne8 23. Re6 Ne5 24. Qd4 Rb7 25. b4 Bd7 26. a3 a5 27. Qh4 Rdb8 28. Be4 axb4 29. f6 h6 30. Rf1 gxf6 31. gxf6 bxa3 32. Qg3+ Kh8 33. f7 Nxf7 34. Qg6 Nf6 35. Rexf6 1-0

[Event "Oberliga Sued W 1314"]
[Site "Germany"]
[Date "2013.11.24"]
[Round "3.1"]
[White "Baerwinkel, Tobias"]
[Black "Schluchter, Steffen"]
[Result "0-1"]
[WhiteElo "2360"]
[BlackElo "2151"]
[PlyCount "82"]
[EventDate "2013.10.13"]
[EventType "team-tourn"]
[EventRounds "9"]
[EventCountry "GER"]
[SourceTitle "EXT 2015"]
[Source "ChessBase"]
[SourceDate "2014.11.20"]
[SourceVersion "1"]
[SourceVersionDate "2014.11.20"]
[SourceQuality "1"]
[WhiteTeam "Mutterstadt"]
[BlackTeam "Worms"]
[WhiteTeamCountry "GER"]
[BlackTeamCountry "GER"]

1. d4 Nf6 2. c4 c5 3. d5 e6 4. Nc3 exd5 5. cxd5 d6 6. Nf3 g6 7. Bg5 Bg7 8. e3 a6 9. a4 0-0 10. Be2 Bg4 11. Nd2 Bxe2 12. Qxe2 Nbd7 13. 0-0 Qe7 14. Nc4 Rab8 15. f4 Rfe8 16. Rae1 Qf8 17. Qf3 b5 18. axb5 axb5 19. Na5 b4 20. Nb1 Ne4 21. Bh4 Bxb2 22. f5 g5 23. f6 Ndxf6 24. Bg3 h6 25. Nc4 Ba1 26. Nbd2 Nxd2 27. Nxd2 Bc3 28. Nc4 Ne4 29. Rc1 Nd2 30. Nxd2 Bxd2 31. Ra1 Bxe3+ 32. Kh1 c4 33. Bxd6 Qxd6 34. Qxf7+ Kh8 35. Rfe1 Rf8 36. Qh5 Qf6 37. h3 Bd2 38. Rf1 Qg7 39. Rfd1 c3 40. Ra6 Rf6 41. Rda1 c2 0-1

[Event "Oberliga Sued W 1112"]
[Site "Germany"]
[Date "2011.11.13"]
[Round "3"]
[White "Baerwinkel, Tobias"]
[Black "Ollenberger, Roland"]
[Result "0-1"]
[WhiteElo "2345"]
[BlackElo "2214"]
[PlyCount "86"]
[EventDate "2011.09.25"]
[EventType "team-tourn"]
[EventRounds "9"]
[EventCountry "GER"]
[SourceTitle "EXT 2013"]
[Source "ChessBase"]
[SourceDate "2012.11.22"]
[SourceVersion "1"]
[SourceVersionDate "2012.11.22"]
[SourceQuality "1"]
[WhiteTeam "Mutterstadt"]
[BlackTeam "Worms"]
[WhiteTeamCountry "GER"]
[BlackTeamCountry "GER"]

1. c4 Nf6 2. g3 Nc6 3. Bg2 e5 4. Nc3 Bb4 5. Nd5 Bc5 6. e3 Nxd5 7. cxd5 Ne7 8. Ne2 0-0 9. 0-0 c6 10. d4 exd4 11. exd4 Bd6 12. Bf4 Bxf4 13. Nxf4 Qb6 14. d6 Nf5 15. Re1 Qxd4 16. Qxd4 Nxd4 17. Rad1 Ne6 18. Nd3 b6 19. f4 g6 20. g4 Ba6 21. f5 gxf5 22. gxf5 Ng7 23. Bh3 Bxd3 24. Rxd3 f6 25. Kf2 Rae8 26. Rg1 Re5 27. Ra3 a5 28. Rag3 Rf7 29. a4 Kf8 30. Rb3 Nxf5 31. Rxb6 Nxd6 32. Rb8+ Re8 33. Rxe8+ Kxe8 34. Rg8+ Ke7 35. Ra8 Nc4 36. b3 Nd2 37. Rb8 Ne4+ 38. Ke3 Nc5 39. Kd4 Kd6 40. b4 axb4 41. a5 Re7 42. Rxb4 Re4+ 43. Kc3 Re3+ 0-1

[Event "Oberliga Sued W 1112"]
[Site "Germany"]
[Date "2011.10.23"]
[Round "2"]
[White "Baerwinkel, Tobias"]
[Black "Moeldner, Juergen"]
[Result "1/2-1/2"]
[WhiteElo "2345"]
[BlackElo "2259"]
[PlyCount "146"]
[EventDate "2011.09.25"]
[EventType "team-tourn"]
[EventRounds "9"]
[EventCountry "GER"]
[SourceTitle "EXT 2013"]
[Source "ChessBase"]
[SourceDate "2012.11.22"]
[SourceVersion "1"]
[SourceVersionDate "2012.11.22"]
[SourceQuality "1"]
[WhiteTeam "Mutterstadt"]
[BlackTeam "Landau"]
[WhiteTeamCountry "GER"]
[BlackTeamCountry "GER"]

1. c4 Nf6 2. g3 c6 3. Bg2 d5 4. Nf3 e6 5. 0-0 Nbd7 6. b3 Bd6 7. Nc3 0-0 8. Bb2 Re8 9. Qc2 Qe7 10. Rad1 e5 11. cxd5 Nxd5 12. d4 Nxc3 13. Qxc3 Bb4 14. Qc2 exd4 15. Nxd4 Nf6 16. e4 Bg4 17. Rc1 Rad8 18. e5 Nd5 19. h3 Bc8 20. Rcd1 Qc5 21. Qxc5 Bxc5 22. a3 a5 23. Rd2 Ne7 24. Rfd1 Ng6 25. f4 Ne7 26. Kh2 Rd7 27. Nxc6 Rxd2 28. Nxe7+ Bxe7 29. Rxd2 Be6 30. Bxb7 Rb8 31. Be4 Bxb3 32. f5 Bg5 33. Rd6 a4 34. f6 Be6 35. Bd4 h5 36. Ra6 Bb3 37. Kg2 gxf6 38. exf6 Rd8 39. Ra8 Rxa8 40. Bxa8 Bc2 41. Bf3 h4 42. gxh4 Bxh4 43. Bd5 Bd1 44. Bf3 Bc2 45. Bc6 Bd1 46. Be4 Kh8 47. Bf3 Bc2 48. Bd5 Kg8 49. Kf3 Bf5 50. Bc6 Bxh3 51. Bxa4 Kh7 52. Bc2+ Kh6 53. a4 Kg5 54. a5 Bf1 55. Bc3 Bb5 56. Ke3 Bg3 57. Kd4 Bc7 58. Kc5 Ba6 59. Kb4 Bd8 60. Bb3 Kg6 61. Bd5 Bc7 62. Be4+ Kg5 63. Bc6 Bd8 64. Bb5 Bb7 65. Be8 Bxf6 66. Bxf6+ Kxf6 67. Kc5 Ke7 68. Kb6 Be4 69. Bc6 Bd3 70. Bb5 Bxb5 71. Kxb5 Kd7 72. Kb6 Kc8 73. a6 Kb8 1/2-1/2

[Event "Oberliga Sued W 1011"]
[Site "Germany"]
[Date "2011.03.20"]
[Round "8.1"]
[White "Baerwinkel, Tobias"]
[Black "Lang, Torsten"]
[Result "0-1"]
[WhiteElo "2305"]
[BlackElo "2295"]
[PlyCount "94"]
[EventDate "2010.10.10"]
[EventType "team-tourn"]
[EventRounds "9"]
[EventCountry "GER"]
[SourceTitle "EXT 2012"]
[Source "ChessBase"]
[SourceDate "2011.11.24"]
[SourceVersion "1"]
[SourceVersionDate "2011.11.24"]
[SourceQuality "1"]
[WhiteTeam "Mutterstadt"]
[BlackTeam "Landau"]
[WhiteTeamCountry "GER"]
[BlackTeamCountry "GER"]

1. c4 Nf6 2. g3 e5 3. Bg2 Nc6 4. Nc3 Bb4 5. Nd5 Bc5 6. e3 d6 7. a3 Nxd5 8. cxd5 Ne7 9. b4 Bb6 10. Ne2 0-0 11. 0-0 Bf5 12. d4 Qd7 13. dxe5 dxe5 14. Bb2 Ng6 15. a4 a6 16. a5 Ba7 17. Qa4 Qxa4 18. Rxa4 Bd3 19. Re1 e4 20. Raa1 f5 21. Rac1 Rf7 22. h4 Rd8 23. h5 Ne7 24. Rxc7 Nxd5 25. Rxf7 Kxf7 26. Nd4 Bxd4 27. Bxd4 Nxb4 28. Rc1 Nc6 29. Bb6 Rd5 30. Kh2 Ke6 31. Kh3 Be2 32. Kh4 h6 33. g4 Bxg4 34. Bf1 Kd6 35. Bc4 Rd1 36. Rc2 Rg1 37. Rd2+ Ke7 38. Bc5+ Ke8 39. Rd5 Rh1+ 40. Kg3 Rxh5 41. Bb6 Rh1 42. Rd6 g5 43. Re6+ Kd7 44. Rg6 Ne7 45. Rg7 Kd6 46. Bd8 f4+ 47. Kxg4 Rh4# 0-1

[Event "Hamburg St Pauli op-A"]
[Site "Hamburg"]
[Date "2010.07.14"]
[Round "5"]
[White "Schmidt, Jan Peter"]
[Black "Baerwinkel, Tobias"]
[Result "1-0"]
[WhiteElo "2243"]
[BlackElo "2337"]
[PlyCount "51"]
[EventDate "2010.07.10"]
[EventType "swiss"]
[EventRounds "9"]
[EventCountry "GER"]
[SourceTitle "EXT 2013"]
[Source "ChessBase"]
[SourceDate "2012.11.22"]
[SourceVersion "1"]
[SourceVersionDate "2012.11.22"]
[SourceQuality "1"]

1. Nf3 Nf6 2. c4 c5 3. Nc3 e6 4. g3 b6 5. Bg2 Bb7 6. 0-0 a6 7. Re1 Be7 8. e4 d6 9. d4 cxd4 10. Nxd4 Qc7 11. Be3 Nbd7 12. f4 h5 13. h3 Rc8 14. Rc1 Qb8 15. Bf2 Rxc4 16. e5 dxe5 17. fxe5 Ng8 18. Bxb7 Qxb7 19. Qe2 Rc5 20. Ne4 Rxe5 21. Qf3 Kf8 22. Ng5 Qxf3 23. Rc8+ Bd8 24. Rxd8+ Ke7 25. Ndxf3 Rf5 26. Ra8 1-0